000 00389nam a22001577a 4500
003 OSt
005 20211012170106.0
008 211012b |||||||| |||| 00| 0 eng d
040 _cHU
082 _a381.41
100 _aHansen, Henning Otte
_913028
111 _a-
_c-
_e-
_j-
_913029
245 _aFood economics : industry and markets.
300 _a420P
_bPC
_c23CM
942 _2ddc
_cBOOKS
_n0
999 _c12145
_d12145